[Event "Avoine op 23rd"]
[Site "Avoine"]
[Date "2008.07.25"]
[Round "7"]
[White "Stephan, Victor"]
[Black "Guillet, Julien"]
[Result "0-1"]
[WhiteElo "2094"]
[BlackElo "1896"]
[PlyCount "72"]
[EventDate "2008.07.19"]
[EventType "swiss"]
[EventRounds "9"]
[EventCountry "FRA"]
[SourceTitle "CBM 125 Extra"]
[Source "ChessBase"]
[SourceDate "2008.09.01"]
[SourceVersion "1"]
[SourceVersionDate "2008.09.01"]
[SourceQuality "1"]

1. Nf3 Nf6 2. c4 c5 3. Nc3 d5 4. cxd5 Nxd5 5. d4 e6 6. e4 cxd4 7. Qxd4 Nc6 8. Bb5 Nxc3 9. Qxc3 Bd7 10. 0-0 Be7 11. Rd1 Bf6 12. e5 Be7 13. Bf4 Qb6 14. Ba4 Rd8 15. Rac1 0-0 16. Bc2 Bc8 17. Ng5 h6 18. Ne4 Nb4 19. Bb1 Nd5 20. Qd3 f5 21. exf6 Nxf4 22. Qf3 Bxf6 23. Qxf4 Bxb2 24. Qg3 Bxc1 25. Rxc1 Qd4 26. h4 e5 27. Bc2 Bf5 28. Rd1 Qb6 29. Rb1 Qc6 30. Rc1 Kh8 31. Qe3 Rc8 32. Re1 Qxc2 33. Nd6 Rc7 34. Qxe5 Qc5 35. Qg3 Bh7 36. a4 a6 0-1

[Event "Avoine op 22nd"]
[Site "Avoine"]
[Date "2007.07.23"]
[Round "3"]
[White "Guillet, Julien"]
[Black "Lombart, Philippe"]
[Result "1/2-1/2"]
[WhiteElo "1831"]
[BlackElo "2037"]
[PlyCount "48"]
[EventDate "2007.07.21"]
[EventType "swiss"]
[EventRounds "9"]
[EventCountry "FRA"]
[SourceTitle "EXT 2010"]
[Source "ChessBase"]
[SourceDate "2010.11.25"]
[SourceVersion "1"]
[SourceVersionDate "2010.11.25"]
[SourceQuality "1"]

1. e4 e5 2. Nf3 Nc6 3. d4 exd4 4. Bc4 Nf6 5. 0-0 Nxe4 6. Re1 d5 7. Bxd5 Qxd5 8. Nc3 Qa5 9. Nxe4 Be6 10. Neg5 0-0-0 11. Nxe6 fxe6 12. Rxe6 Qf5 13. Qe2 h6 14. Nh4 d3 15. cxd3 Qxd3 16. Qxd3 Rxd3 17. Be3 Be7 18. Ng6 Rhd8 19. Nxe7+ Nxe7 20. Kf1 Nf5 21. Re1 Nxe3+ 22. R6xe3 Rxe3 23. Rxe3 Rd1+ 24. Re1 Rd2 1/2-1/2